Dormido en la yerba / (Record no. 15450)

MARC details
000 -LEADER
campo de control de longitud fija 00720nam a2200193 i 4500
001 - NÚMERO DE CONTROL
campo de control 15450
003 - IDENTIFICADOR DE NÚMERO DE CONTROL
campo de control ES-MaACL
005 - FECHA Y HORA DE LA ÚLTIMA TRANSACCIÓN
campo de control 20250213170507.0
007 - CAMPO FIJO DE DESCRIPCIÓN FÍSICA--INFORMACIÓN GENERAL
campo de control de longitud fija t|
008 - DATOS DE LONGITUD FIJA--INFORMACIÓN GENERAL
campo de control de longitud fija 000313s1999 sp ||||1| spa d
080 ## - NÚMERO DE LA CLASIFICACIÓN DECIMAL UNIVERSAL
Número de la Clasificación Decimal Universal 821.134.2-14"19"
100 1# - ENTRADA PRINCIPAL--NOMBRE DE PERSONA
Nombre de persona Prados, Emilio,
Fechas asociadas al nombre 1899-1962
9 (RLIN) 93630
245 10 - MENCIÓN DEL TÍTULO
Título Dormido en la yerba /
Mención de responsabilidad, etc. Emilio Prados.
260 ## - PUBLICACIÓN, DISTRIBUCIÓN, ETC.
Lugar de publicación, distribución, etc. Málaga :
Nombre del editor, distribuidor, etc. [S.n.],
Fecha de publicación, distribución, etc. 1999.
300 ## - DESCRIPCIÓN FÍSICA
Extensión [4] p. ;
Dimensiones 17 cm.
500 ## - NOTA GENERAL
Nota general Con motivo de la celebración del Congreso sobre Emilio Prados, se compuso este pliego, en Imprenta Montes de Málaga, el día cuatro de marzo, en conmemoración del primer centenario del nacimiento del poeta.
852 ## - LOCALIZACIÓN
Ubicación ES-MaACL
Número de control de estantería 2131-F-8
Sublocalización o colección R.128249
Holdings
Estatus retirado Estado de pérdida Estado de daño No para préstamo Colección Biblioteca de origen Biblioteca actual Ubicación en estantería Fecha de adquisición Fuente de adquisición Total de préstamos Signatura topográfica completa Código de barras Visto por última vez Precio de reemplazo Tipo de ítem Koha
        Colección de folletos Biblioteca del Ateneo de Madrid Biblioteca del Ateneo de Madrid Depósito folletos 17/01/2008     2131-F-8 1015707 23/02/2023 23/02/2023 Folleto